| 000 | 00971cam a2200277 a 4500 | ||
|---|---|---|---|
| 003 | OSt | ||
| 005 | 20200909124830.0 | ||
| 008 | 080602t 2007caua r 001 0 spa d | ||
| 020 | _a9781403144720 | ||
| 040 |
_aCO-BoPUJ _cCO-JMCR |
||
| 041 | 1 |
_aspa _beng |
|
| 082 | 0 | 4 |
_a299.936 _bH875d _221 |
| 100 | 1 |
_aHubbard, Lafayette Ronald _eautor _910031 |
|
| 245 | 1 | 0 |
_aDianética : _bla evolución de una ciencia / _cLafayette Ronald Hubbard |
| 260 |
_aLos Ángeles, California : _bBridge publications, _c2007. |
||
| 300 |
_a213 páginas : _bilustraciones a blanco y negro ; _c30 cm. |
||
| 504 | _aIncluye glosario e índice. | ||
| 505 | 0 | _aLa máquina computadora óptima. -- La construcción de una ciencia de la mente | |
| 534 | _tDianetics : the evolution of a science. | ||
| 650 | 1 | 4 |
_aCienciología _97018 |
| 650 | 2 | 4 |
_aDianética _910032 |
| 650 | 2 | 4 |
_aSalud mental _910033 |
| 650 | 2 | 4 |
_aCienciología _97018 |
| 650 | 2 | 4 |
_aMente y cuerpo _910034 |
| 942 |
_2ddc _cBK |
||
| 999 |
_c6835 _d6835 |
||